PROJECT MASTER (Record no. 1857)
[ view plain ]
| 000 -LEADER | |
|---|---|
| fixed length control field | 00297nam a22001217a 4500 |
| 082 ## - DEWEY DECIMAL CLASSIFICATION NUMBER | |
| Classification number | 001 |
| Item number | AAR/P |
| 100 ## - MAIN ENTRY--AUTHOR NAME | |
| Personal name | AARSHASRI |
| 245 ## - TITLE STATEMENT | |
| Title | PROJECT MASTER |
| Remainder of title | ENGLISH |
| 260 ## - PUBLICATION, DISTRIBUTION, ETC. (IMPRINT) | |
| Place of publication | TRIVANDRUM |
| Name of publisher | AARSHASRI PUBLISHING CO |
| Year of publication | 2014 |
| 300 ## - PHYSICAL DESCRIPTION | |
| Number of Pages | 496 |
| 650 ## - SUBJECT ADDED ENTRY--TOPICAL TERM | |
| Topical Term | PROJECTS, ASSIGNMENTS, SEMINAR |
| Geographic subdivision | INDIA |
| 942 ## - ADDED ENTRY ELEMENTS (KOHA) | |
| Koha item type | Books |
| Withdrawn status | Lost status | Collection code | Home library | Current library | Shelving location | Date acquired | Source of acquisition | Cost, normal purchase price | Full call number | Accession Number | Koha item type |
|---|---|---|---|---|---|---|---|---|---|---|---|
| Reference | Main Library | Main Library | SHELF 1-C ENCYCLOPEDIAS ,G K REFERENCE | 22/09/2015 | purchase | 690.00 | 001 AAR/P | 06187 | Books | ||
| Reference | Main Library | Main Library | SHELF 1-C ENCYCLOPEDIAS ,G K REFERENCE | 12/05/2016 | purchase | 390.00 | 001 AAR/P | 04296 | Books |